000 00736nam a2200253Ia 4500
003 OSt
005 20220918170846.0
006 a|||||r|||| 00| 0
007 ta
008 220917b |||||||| |||| 00| 0 eng d
020 _a9780745681986 (pbk)
_cUSD 19.95
024 _a325,858
037 _b8404, 19/03/2018, Efficient Book Distributors
_cTextual
040 _aARTS
_cARTS
_beng
041 _2eng
_aeng
082 _aM71, Q6
100 _aSnyed Adam Au.
_931748
245 0 _aCotton
260 _aLondon
_bPolity Press UK
_c2016
300 _avii,205p.
_ccm.
650 _aCOTTON
_931749
942 _hM71, Q6
_cTEXL
_2CC
999 _c136279
_d136279